000 00336pab a2200145 454500
008 180718b1995 xxu||||| |||| 00| 0 eng d
100 _aSelvam, S.
245 _aSocial reforms
_bthe relevance of Periyar.
260 _c1995
300 _ap.8
362 _a28 Nov
650 _aSocial problems
773 _aStatesman
909 _a30490
999 _c30490
_d30490